Language in use ( pre-intermediate)

שמור ב:
מידע ביבליוגרפי
מחבר ראשי: Andrew Bamfield
פורמט: ספר
שפה:Undetermined
יצא לאור: Cambridge, UK Cambridge Univ. Press 2000
נושאים:
תגים: הוספת תג
אין תגיות, היה/י הראשונ/ה לתייג את הרשומה!
Thư viện lưu trữ: Trung tâm Học liệu Trường Đại học Cần Thơ
LEADER 00544nam a2200193Ia 4500
001 CTU_57649
008 210402s9999 xx 000 0 und d
082 |a 428.24 
082 |b B211 
100 |a Andrew Bamfield 
245 0 |a Language in use ( pre-intermediate) 
245 0 |c Andrew Bamfield and Christopher Jones 
260 |a Cambridge, UK 
260 |b Cambridge Univ. Press 
260 |c 2000 
650 |a english language 
650 |x study and teaching 
904 |i Minh 
980 |a Trung tâm Học liệu Trường Đại học Cần Thơ